[Event "GRE-ch U14"]
[Site "Greece"]
[Date "2014.07.07"]
[Round "6"]
[White "Karousos Theodorakis, Anastasios"]
[Black "Gkikas, Vasilios"]
[Result "1/2-1/2"]
[WhiteElo "1674"]
[BlackElo "1733"]
[PlyCount "85"]
[EventDate "2014.07.04"]
[EventType "swiss"]
[EventRounds "9"]
[EventCountry "GRE"]
[SourceTitle "EXT 2017"]
[Source "ChessBase"]
[SourceDate "2016.10.25"]
[SourceVersion "1"]
[SourceVersionDate "2016.10.25"]
[SourceQuality "1"]

1. e4 c5 2. Nf3 d6 3. Bb5+ Bd7 4. Bxd7+ Qxd7 5. 0-0 Nf6 6. Qe2 Nc6 7. Rd1 g6 8. c3 Bg7 9. d4 cxd4 10. cxd4 d5 11. e5 Ne4 12. Nbd2 Nxd2 13. Bxd2 0-0 14. b4 e6 15. Bc3 Rac8 16. Qb2 Rfe8 17. Nd2 b6 18. a3 Ne7 19. Nb3 Rc7 20. Rd3 Rec8 21. Nc1 Rc4 22. Nb3 Qc7 23. Rc1 Bh6 24. Rc2 Qd8 25. Rh3 Bg5 26. Nc1 Bxc1 27. Rxc1 Qc7 28. Qd2 h5 29. Rd3 Nf5 30. h3 Nxd4 31. Rxd4 Rxc3 32. Rxc3 Qxc3 33. Rd3 Qxd2 34. Rxd2 Rc4 35. f3 Kf8 36. Kf2 Ke7 37. Ke3 Rc3+ 38. Rd3 Rxd3+ 39. Kxd3 f6 40. f4 fxe5 41. fxe5 Kf7 42. g4 Kg7 43. g5 1/2-1/2

[Event "GRE-ch U14"]
[Site "Greece"]
[Date "2014.07.05"]
[Round "3"]
[White "Danis, Hrisovalantis"]
[Black "Gkikas, Vasilios"]
[Result "1/2-1/2"]
[WhiteElo "1760"]
[BlackElo "1733"]
[PlyCount "68"]
[EventDate "2014.07.04"]
[EventType "swiss"]
[EventRounds "9"]
[EventCountry "GRE"]
[SourceTitle "EXT 2017"]
[Source "ChessBase"]
[SourceDate "2016.10.25"]
[SourceVersion "1"]
[SourceVersionDate "2016.10.25"]
[SourceQuality "1"]

1. e4 e6 2. d4 d5 3. e5 c5 4. c3 Nc6 5. Nf3 Qb6 6. a3 c4 7. Nbd2 Bd7 8. Be2 Na5 9. h4 Ne7 10. Qc2 h6 11. h5 Nc8 12. g4 Be7 13. Rg1 Qc7 14. g5 Nb6 15. gxh6 gxh6 16. Nf1 Ba4 17. Qb1 Nb3 18. Ra2 Nxc1 19. Qxc1 0-0-0 20. N1h2 Bf8 21. Qf4 Bc2 22. Ra1 Na4 23. Qc1 Bh7 24. Bd1 Nb6 25. Qf4 Be4 26. Ng4 f5 27. Nf6 Bxf3 28. Qxf3 Nd7 29. Rg6 Nxf6 30. exf6 Qf7 31. Bc2 Rg8 32. Qg2 Bd6 33. Ke2 Rxg6 34. Qxg6 Rf8 1/2-1/2

[Event "GRE-ch U14"]
[Site "Greece"]
[Date "2014.07.05"]
[Round "2"]
[White "Gkikas, Vasilios"]
[Black "Stefanatos, Gerasimos"]
[Result "1-0"]
[WhiteElo "1733"]
[BlackElo "1545"]
[PlyCount "55"]
[EventDate "2014.07.04"]
[EventType "swiss"]
[EventRounds "9"]
[EventCountry "GRE"]
[SourceTitle "EXT 2017"]
[Source "ChessBase"]
[SourceDate "2016.10.25"]
[SourceVersion "1"]
[SourceVersionDate "2016.10.25"]
[SourceQuality "1"]

1. e4 c5 2. Nf3 d6 3. d4 cxd4 4. Nxd4 Nf6 5. Nc3 Nc6 6. Bg5 Qb6 7. Bxf6 gxf6 8. Nb3 f5 9. Bd3 fxe4 10. Bxe4 Bg7 11. Nd5 Qd8 12. c3 e6 13. Ne3 d5 14. Bc2 Qe7 15. Qd2 Bd7 16. 0-0-0 0-0-0 17. Rhe1 Bh6 18. Kb1 Qf8 19. Qe2 Bg7 20. f4 Nb8 21. g3 Bc6 22. Nd4 Qd6 23. Ng4 Rhe8 24. Ne5 Re7 25. Bxh7 Nd7 26. Nexc6 bxc6 27. Nf5 exf5 28. Qxe7 1-0

[Event "GRE-chT 42nd"]
[Site "Porto Rio"]
[Date "2014.06.28"]
[Round "1.9"]
[White "Dalianis, Georgios"]
[Black "Gkikas, Vasilios"]
[Result "1/2-1/2"]
[WhiteElo "1566"]
[BlackElo "1706"]
[PlyCount "76"]
[EventDate "2014.06.28"]
[EventType "team-swiss"]
[EventRounds "7"]
[EventCountry "GRE"]
[SourceTitle "CBM 161 Extra"]
[Source "ChessBase"]
[SourceDate "2014.08.29"]
[SourceVersion "1"]
[SourceVersionDate "2014.08.29"]
[SourceQuality "1"]
[WhiteTeam "Nautical Association"]
[BlackTeam "AEK"]
[WhiteTeamCountry "GRE"]
[BlackTeamCountry "GRE"]

1. e4 c5 2. c3 d5 3. exd5 Qxd5 4. d4 g6 5. Nf3 Bg7 6. Na3 Nf6 7. Bc4 Qe4+ 8. Be3 0-0 9. 0-0 cxd4 10. Nxd4 Bg4 11. Qd2 Bd7 12. Rfe1 Qe5 13. Bf4 Qc5 14. Re5 Qc8 15. Rxe7 Nc6 16. Nxc6 Bxc6 17. h3 Qf5 18. Re5 Qc8 19. Re2 Rd8 20. Qc2 Nd5 21. Bg3 Nb6 22. Bb5 Bd5 23. Bh4 f6 24. Rae1 Bf7 25. Bg3 Bf8 26. Ba4 Nxa4 27. Qxa4 a6 28. Nc2 Bc4 29. Re4 b5 30. Qa5 Bd3 31. Nd4 Bxe4 32. Rxe4 Re8 33. Rxe8 Qxe8 34. Qb6 Bg7 35. Ne6 Qd7 36. Nc7 Rc8 37. Nxa6 Qc6 38. Qxc6 Rxc6 1/2-1/2

[Event "Athens op 04"]
[Site "Athens"]
[Date "2012.03.31"]
[Round "1"]
[White "Gkikas, Vasilios"]
[Black "Kesoglou, Konstantinos"]
[Result "0-1"]
[WhiteElo "1560"]
[BlackElo "2094"]
[PlyCount "134"]
[EventDate "2012.03.31"]
[EventType "swiss"]
[EventRounds "7"]
[EventCountry "GRE"]
[SourceTitle "EXT 2014"]
[Source "ChessBase"]
[SourceDate "2013.11.20"]
[SourceVersion "1"]
[SourceVersionDate "2013.11.20"]
[SourceQuality "1"]

1. e4 c5 2. Nf3 d6 3. d4 cxd4 4. Nxd4 Nf6 5. Nc3 Nc6 6. f3 a6 7. Bc4 e6 8. Be3 Qc7 9. Bb3 Be7 10. Qd2 Na5 11. 0-0 Nc4 12. Bxc4 Qxc4 13. Qd3 Qc7 14. Nb3 0-0 15. Rfd1 Nd7 16. Qe2 Ne5 17. Bd4 Ng6 18. Be3 Bd7 19. Rd2 Bc6 20. Qf2 b5 21. Ne2 Ne5 22. c3 Nc4 23. Rc2 Nxe3 24. Qxe3 Bb7 25. Rac1 d5 26. exd5 Bxd5 27. Ned4 Bd6 28. g3 e5 29. Kg2 exd4 30. Qxd4 Bxb3 31. axb3 Qc5 32. Rd1 Qxd4 33. Rxd4 Be5 34. Rd5 Bf6 35. Rcd2 Rfd8 36. Rd6 Kf8 37. Kf2 Ke7 38. Rxd8 Rxd8 39. Rxd8 Kxd8 40. Ke3 Kd7 41. Kd3 Kd6 42. b4 h5 43. h3 h4 44. g4 Ke5 45. Ke3 Bg5+ 46. Kd3 Be7 47. Ke3 g5 48. b3 Bd8 49. c4 bxc4 50. bxc4 Bb6+ 51. c5 Bxc5+ 52. bxc5 Kd5 53. f4 f6 54. fxg5 fxg5 55. c6 Kxc6 56. Ke4 Kc5 57. Kf5 a5 58. Kxg5 a4 59. Kxh4 a3 60. Kh5 a2 61. g5 a1Q 62. g6 Qg7 63. Kg5 Kd5 64. h4 Ke5 65. h5 Qe7+ 66. Kh6 Kf6 67. g7 Qxg7# 0-1